The economics of green growth : (Registro nro. 19934)

Detalles MARC
000 -CABECERA
Campo de control 00982cam a2200265 i 4500
005 - FECHA Y HORA DE LA ULTIMA TRANSACCION
Campo de control 20200104041800.0
008 - ELEMENTOS DE LONGITUD FIJA—INFORMACION GENERAL
Campo de control 150409s2015 enkd fr 001 0 eng
020 ## - ISBN
ISBN 9781138817159
040 ## - FUENTE DE CATALOGACIÓN
Agencia catalogadora original DLC
Agencia transcriptora DLC
Agencia Modificadora DLC
-- CO-BoIAVH
041 0# - IDIOMA
Código de idioma para texto/pista de sonido o título separado Inglés
044 ## - PAÍS DE PUBLICACIÓN
País de publicación Reino Unido
082 00 - NUMERO DE CLASIFICACION DECIMAL DEWEY
Número de clasificación 338.927
Número del ítem E19g
245 04 - MENCION DE TITULO
Título The economics of green growth :
Parte restante del título new indicators for sustainable societies /
Mención de responsabilidad editado por Shunsuke Managi.
260 ## - PUBLICACION, DISTRIBUCION, ETC. (PIE DE IMPRENTA)
Lugar de publicación, distribución, etc. Oxfordshire (Reino Unido) :
Nombre del editor, distribuidor, etc. Routledge Taylor & Francis Group,
Fecha de publicación, distribución, etc. 2015.
300 ## - DESCRIPCION FISICA
Extensión xvi, 312 páginas :
Otros detalles físicos gráficas y tablas ;
Dimensiones 25 x 16 cm.
490 0# - MENCION DE SERIE
Mención de serie Routledge studies in ecological economics ;
Designación numérica/secuencial del volumen 40
500 ## - NOTA GENERAL
Nota general Incluye índice.
504 ## - NOTA DE BIBLIOGRAFIA, ETC.
Nota de bibliografía Incluye referencias bibliográficas.
650 26 - ASIENTO SECUNDARIO DE MATERIA - TERMINO TEMATICO
Término temático o nombre geográfico como elemento de entrada Desarrollo sostenible
9 (RLIN) 278
650 26 - ASIENTO SECUNDARIO DE MATERIA - TERMINO TEMATICO
Término temático o nombre geográfico como elemento de entrada Desarrollo económico
Subdivisión general Aspectos ambientales
9 (RLIN) 86403
650 26 - ASIENTO SECUNDARIO DE MATERIA - TERMINO TEMATICO
Término temático o nombre geográfico como elemento de entrada Economía medioambiental
9 (RLIN) 86404
650 26 - ASIENTO SECUNDARIO DE MATERIA - TERMINO TEMATICO
Término temático o nombre geográfico como elemento de entrada Impacto ambiental
9 (RLIN) 92215
700 1# - ASIENTO SECUNDARIO - NOMBRE PERSONAL
Nombre personal Managi, Shunsuke
Término de relación editor
9 (RLIN) 86401
942 ## - ELEMENTOS ADICIONALES (KOHA)
Sistema de clasificación Dewey Decimal Classification
Tipo de ítem Libro
Existencias
Withdrawn status Lost status Sistema de Clasificación Damaged status No para préstamo Colección Inventariado Ubicación Permanente Ubicación actual Fecha de adquisición Fuente de Valor Valor Total Checkouts Número topográfico Inventario / Código de Barras Date last seen Ejemplar Price effective from Forma de adquisición Tipo de material
    Dewey Decimal Classification     General Inventariado 2017 Bogotá Bogotá 23/10/2017 Instituto 39000.00   LB-338.927 E19g 041772 23/10/2017 Ej. 1 23/10/2017 Compra Libro